| 000 | 00935cab a2200277 4500 | ||
|---|---|---|---|
| 001 | ABS54717 | ||
| 008 | 090401t1996 xxu||||| |||| 00| 0 eng d | ||
| 035 | _a(Sirsi) u11945 | ||
| 041 | _aeng | ||
| 245 | _aCross border investment | ||
| 260 | _c1996 | ||
| 350 | _a0 | ||
| 490 |
_aEuroProperty _v4(8) March 1996, 23-31(7) |
||
| 520 | _aAnalyses current trends in cross-border investment by sector and destination; the role played by US investors in the European property market concluding with an examination of German open-ended funds in the investment market quoting examples. | ||
| 650 | _aCROSS-BORDER INVESTMENT | ||
| 650 | _aEUROPE | ||
| 650 | _aFOREIGN INVESTMENT-USA | ||
| 650 | _aGERMANY | ||
| 650 | _aINSTITUTIONAL INVESTMENT | ||
| 650 | _aOPEN-ENDED FUNDS | ||
| 650 | _aOVERSEAS INVESTMENT | ||
| 690 | _aPROPERTY-PROPERTY FINANCE AND INVESTMENT | ||
| 690 | _aOVERSEAS | ||
| 942 | _n0 | ||
| 948 | _c04/03/1997 | ||
| 999 |
_c7637 _d7637 |
||